000 00377nam a2200145Ia 4500
003 LK-CoDNM
008 010623t1916 xxu||||| |||| 00| 1 eng d
040 _aLK-CoDNM
_dLK-CoDNM
_eLK-CoDNM
041 _aeng
080 _a50
_bD12
245 _aBlue White : St.Joseph's College Magazine
260 _bMessenger Press
_aColombo
_c1916
300 _b110p,6ill., 23 cm
942 _cBK
999 _c88684
_d88684